Writing for Psychology. (Record no. 348932)

000 -LEADER
fixed length control field 00415 a2200157 4500
020 ## - INTERNATIONAL STANDARD BOOK NUMBER
International Standard Book Number 0729534146
082 ## - DEWEY DECIMAL CLASSIFICATION NUMBER
Classification number 808.06615
090 ## - LOCALLY ASSIGNED LC-TYPE CALL NUMBER (OCLC); LOCAL CALL NUMBER (RLIN)
-- 6574
-- 6574
100 ## - MAIN ENTRY--PERSONAL NAME
Personal name O'Shea,Robert P.
245 ## - TITLE STATEMENT
Title Writing for Psychology.
Remainder of title An Introductory guide for students.
Statement of responsibility, etc. Robert P.O'shea
250 ## - EDITION STATEMENT
Edition statement 3rd.
260 ## - PUBLICATION, DISTRIBUTION, ETC.
Place of publication, distribution, etc. Sydney.
Name of publisher, distributor, etc. Harcourt.
Date of publication, distribution, etc. 1953.
300 ## - PHYSICAL DESCRIPTION
Extent 142p.
500 ## - GENERAL NOTE
General note Hard cover
942 ## - ADDED ENTRY ELEMENTS (KOHA)
Institution code [OBSOLETE] NBS
Koha item type Book
Call number prefix 808.06615 OSH
Holdings
Withdrawn status Lost status Damaged status Not for loan Permanent Location Current Location Date acquired Total Checkouts Full call number Barcode Date last seen Date last checked out Price effective from Koha item type
        Central Library (CL) Central Library (CL) 08/28/2013 1 808.06615 OSH NBSP-279 08/01/2025 09/02/2014 08/28/2013 Book
© 2023 Central Library, National University of Sciences and Technology. All Rights Reserved.